000 00577nam a2200193Ia 4500
999 _c8201
_d8201
003 OSt
005 20210712105838.0
008 151021s9999 xx 000 0 und d
020 _a9.7892905922e+012
040 _aMMU
_beng
_cMMU
_dMMU
050 _aSB 357 .G85 2007
100 _aGriesbach,Jurgen
245 _aGrowing Temperate Fruit Trees in Kenya /
_cJurgen Griesbach.
260 _aNairobi :
_bWorld Agroforestry Centre,
_c2007.
300 _avi, 128 p. :
500 _aIncludes index
650 _a_Growing Temperate Fruit Trees in Kenya
942 _2lcc
_cLOAN LOAN